[Event "IV Xativa Open 2018"]
[Site "Xativa ESP"]
[Date "2018.07.19"]
[Round "5.2"]
[White "Montalban Galvez,A"]
[Black "Kovacevic,Sl"]
[Result "1-0"]
[WhiteElo "2175"]
[BlackElo "2279"]

1.d4 Nf6 2.Nf3 e6 3.c4 c5 4.d5 exd5 5.cxd5 d6 6.Nc3 g6 7.Bf4 a6 8.a4 Qe7
9.h3 Nbd7 10.e3 Bg7 11.Be2 O-O 12.O-O Rb8 13.Nd2 Ne5 14.Bxe5 Qxe5 15.Nc4 Qe7
16.a5 Nd7 17.Na4 f5 18.Rb1 Ne5 19.Nxe5 Bxe5 20.b4 cxb4 21.Rxb4 f4 22.exf4 Rxf4
23.Rxf4 Bxf4 24.Qd4 Qf8 25.Nb6 Be5 26.Qc4 Qd8 27.Rc1 Bf5 28.Bg4 Qg5 29.Bxf5 Qxf5
30.Qg4 Rf8 31.Qxf5 Rxf5 32.Rc4 h5 33.g3 Bb2 34.Kg2 Ba3 35.f4 Bc5 36.g4 hxg4
37.hxg4 Rf7 38.Na4 Ba3 39.Kf3 Kg7 40.Nc3 Rd7 41.Ne4 Kf7 42.Ng5+ Kf6 43.Ne6 Ke7
44.Ke4 Kf7 45.f5 gxf5+ 46.Kxf5 Bc5 47.Nxc5 dxc5 48.Rxc5 Ke7 49.Ke5 Kd8 50.g5 Re7+
51.Kf6 Re2 52.d6 Kd7 53.g6 Kxd6 54.Rf5 b6 55.axb6 Kc6 56.g7 Re8 57.Kf7 Rb8
58.Rf6+  1-0

[Event "ch-CHN GpB Men 2018"]
[Site "Jiangmen CHN"]
[Date "2018.07.20"]
[Round "6.12"]
[White "Zhang,Ziji"]
[Black "He,Yichen"]
[Result "1-0"]
[WhiteElo "2406"]
[BlackElo "1912"]

1.d4 Nf6 2.Nf3 c5 3.d5 e6 4.c4 exd5 5.cxd5 d6 6.Nc3 g6 7.Bf4 Bg7 8.Qa4+ Bd7
9.Qb3 Qc7 10.e4 O-O 11.Be2 a6 12.a4 Bg4 13.O-O Nbd7 14.h3 Bxf3 15.Bxf3 Rfe8
16.Qc2 b6 17.b3 Ne5 18.Be2 Ned7 19.Rac1 Rec8 20.Be3 Re8 21.Rfe1 Qb7 22.f4 Qc7
23.Bd3 h5 24.Qe2 Re7 25.Qf3 Rae8 26.Bd2 Qc8 27.Qg3 Nh7 28.e5 dxe5 29.f5 g5
30.Ne4 f6 31.d6 Rf7 32.Bc4 Nb8 33.b4 Qxf5 34.bxc5  1-0

[Event "28th Heart of Finland Op"]
[Site "Jyvaskyla FIN"]
[Date "2018.07.21"]
[Round "8.4"]
[White "Engman,R"]
[Black "Galchenko,Matvey"]
[Result "1/2-1/2"]
[WhiteElo "2171"]
[BlackElo "2355"]

1.d4 Nf6 2.c4 c5 3.d5 e6 4.Nc3 exd5 5.cxd5 d6 6.Nf3 g6 7.Bf4 Bg7 8.Qa4+ Bd7
9.Qb3 b5 10.Nxb5 Qa5+ 11.Nc3 O-O 12.Nd2 Na6 13.Bxd6 Rfe8 14.e3 Nb4 15.Nc4 Qd8
16.Rd1 a5 17.Rd2 Ng4 18.Be2 Nh6 19.O-O Nf5 20.Bxc5 Na6 21.Bb6 Qg5 22.f4 Qh6
23.g4 Ne7 24.Bf3 Rab8 25.Qa3 g5 26.Qxa5 gxf4 27.exf4 Qxf4 28.Qxa6 Rec8 29.Be4 Qh6
30.g5 Qh4 31.d6 Bxc3 32.bxc3 Qxe4 33.Rd4 Qe2 34.Rf2 Qe1+ 35.Rf1 Qe2 36.Rf2 Qe1+  1/2-1/2

[Event "TCh-TUR 1st League 2018"]
[Site "Konya TUR"]
[Date "2018.07.21"]
[Round "8.8"]
[White "Yildiz,Em"]
[Black "Ersahin,B"]
[Result "0-1"]
[WhiteElo "1998"]
[BlackElo "2179"]

1.d4 Nf6 2.c4 c5 3.d5 e6 4.Nc3 exd5 5.cxd5 d6 6.Nf3 g6 7.Bf4 a6 8.Nd2 Bg7
9.Nc4 O-O 10.Bxd6 Re8 11.Bf4 Ne4 12.Rc1 b5 13.Ne3 Nd7 14.h4 Qa5 15.Qc2 Bb7
16.g3 Ndf6 17.Bg2 Nxd5 18.Nxd5 Bxd5 19.Bd2 Nxd2 20.Bxd5 Rad8 21.Qxd2 b4 22.Nd1 c4
23.Ne3 c3 24.bxc3 Bxc3 25.Rxc3 bxc3 26.Qc2 Rxd5 27.Nxd5 Qxd5 28.O-O Qc4 29.Rc1 Rc8
30.a4  0-1

[Event "11th Paleochora Open 2018"]
[Site "Paleochora GRE"]
[Date "2018.07.21"]
[Round "5.10"]
[White "Maisuradze,N"]
[Black "Nikolov,Mo"]
[Result "0-1"]
[WhiteElo "2264"]
[BlackElo "2551"]

1.d4 Nf6 2.c4 e6 3.Nf3 c5 4.d5 d6 5.Nc3 exd5 6.cxd5 g6 7.Bf4 a6 8.a4 Bg7
9.e3 O-O 10.Be2 Nh5 11.Bg5 f6 12.Bh4 g5 13.Nd2 gxh4 14.Bxh5 Nd7 15.Be2 f5
16.Qc2 f4 17.e4 Ne5 18.f3 Qg5 19.Rg1 b6 20.Nc4 Nxc4 21.Bxc4 Bd4 22.Rh1 Bd7
23.Bd3 b5 24.a5 c4 25.Bf1 Qg7 26.Rb1 Rab8 27.Ne2 Be5  0-1

[Event "18th Gijon Rapid Open"]
[Site "Gijon ESP"]
[Date "2018.07.22"]
[Round "2.1"]
[White "Fernandez Fernandez,JuanC"]
[Black "Martinez Alcantara,Jose Eduardo"]
[Result "0-1"]
[WhiteElo "2085"]
[BlackElo "2545"]

1.d4 Nf6 2.c4 e6 3.Nf3 c5 4.d5 exd5 5.cxd5 d6 6.Nc3 g6 7.e4 Bg7 8.h3 O-O
9.Bd3 a6 10.a4 Re8 11.O-O c4 12.Bc2 Qc7 13.Bf4 Nbd7 14.Re1 Rb8 15.Nd4 Ne5
16.Bxe5 dxe5 17.Nf3 b5 18.axb5 axb5 19.Nxb5 Rxb5 20.Ba4 Bd7 21.Bxb5 Bxb5
22.Qd2 Bf8 23.Qg5 Nd7 24.Nh4 Be7 25.Qg3 Kh8 26.Nf3 Bd8 27.h4 f6 28.h5 g5
29.h6 Nc5 30.Qg4 Be7 31.Nh4 Nd3 32.Qh5 gxh4 33.Qf7 Bd8  0-1

[Event "ch-AUT 2018"]
[Site "Vienna AUT"]
[Date "2018.07.22"]
[Round "1.24"]
[White "Niedersberger,Andreas"]
[Black "Neumeier,K"]
[Result "0-1"]
[WhiteElo "2058"]
[BlackElo "2284"]

1.d4 Nf6 2.c4 c5 3.d5 e6 4.Nc3 exd5 5.cxd5 d6 6.Nf3 g6 7.Bf4 a6 8.a4 Bg7
9.e3 O-O 10.h3 Re8 11.Bd3 Nbd7 12.O-O Qe7 13.Nd2 Ne5 14.Bc2 Nfd7 15.Bh2 f5
16.e4 fxe4 17.Bxe4 Rb8 18.Qe2 Nf6 19.Bc2 Qf8 20.Nde4 Nxe4 21.Bxe4 Bd7 22.Rfe1 b5
23.axb5 axb5 24.Qc2 b4 25.Nd1 c4 26.Bxe5 Rxe5 27.Ne3 c3 28.b3 Ree8 29.Nc4 Bb5
30.Na5 Ra8 31.Nc6 Rxa1 32.Rxa1 Qf4 33.f3 Bxc6 34.dxc6 Bd4+ 35.Kh1 Qg3 36.c7 Be5
37.Kg1 Qh2+ 38.Kf2 Bd4+ 39.Ke2 d5 40.Kd3 dxe4+ 41.Kxd4 Qe5+ 42.Ke3 exf3+
43.Kxf3 Qe3+  0-1

[Event "11th Paleochora Open 2018"]
[Site "Paleochora GRE"]
[Date "2018.07.23"]
[Round "7.3"]
[White "Rychagov,A"]
[Black "Paulet,I"]
[Result "1-0"]
[WhiteElo "2529"]
[BlackElo "2286"]

1.d4 Nf6 2.c4 c5 3.d5 e6 4.Nc3 exd5 5.cxd5 d6 6.Nf3 g6 7.Bf4 Bg7 8.Qa4+ Bd7
9.Qb3 b5 10.Bxd6 Qb6 11.Be5 O-O 12.e3 c4 13.Qd1 b4 14.Ne2 Rc8 15.Nf4 Bg4
16.Be2 Nbd7 17.Bd4 Qd6 18.O-O h6 19.h3 Bf5 20.g4 Be4 21.Nd2 c3 22.bxc3 bxc3
23.Nc4 Rxc4 24.Bxc4 c2 25.Qd2 Rc8 26.Bd3 g5 27.Ne2 Ne5 28.Bxe5 Qxe5 29.Rac1 Qxd5
30.Nd4 Bg2 31.Rfe1 Ne4 32.Qe2 Nc3 33.Qxc2 Bxh3 34.Be4 Qd7 35.Bf5 Qb7 36.f3 Bxd4
37.Bxc8 Qxf3 38.Qf2 Qxf2+ 39.Kxf2 Be5 40.Rh1 Ne4+ 41.Kf3 Nd2+ 42.Ke2 Bg2
43.Kxd2  1-0

[Event "2nd Marko Damjanovic Mem"]
[Site "Zagreb CRO"]
[Date "2018.07.23"]
[Round "9.6"]
[White "Cvitkovic,Filip"]
[Black "Rogulj,B"]
[Result "0-1"]
[WhiteElo "2087"]
[BlackElo "2414"]

1.d4 Nf6 2.c4 c5 3.d5 e6 4.Nc3 exd5 5.cxd5 d6 6.Nf3 g6 7.Bf4 Bg7 8.Qa4+ Bd7
9.Qb3 Qc7 10.e4 O-O 11.Be2 a6 12.a4 Bg4 13.e5 dxe5 14.Bxe5 Qa5 15.O-O Nbd7
16.Bd6 Rfc8 17.h3 Ne8 18.Bf4 Bxf3 19.Bxf3 Qb4 20.Qxb4 cxb4 21.Nd1 Be5 22.Bd2 a5
23.Rc1 Nd6 24.Re1 Rxc1 25.Bxc1 h5 26.Be2 Nc5 27.Bb5 Bd4 28.Be3 Nxb5 29.axb5 Bxe3
30.Nxe3 a4 31.Rc1 Nd3 32.Rc7 b3 33.d6 Rd8 34.d7 Kg7 35.Nd5 Nxb2 36.Rxb7 Nc4
37.Nc3 a3 38.Ra7 b2 39.b6 Rxd7 40.b7 b1=Q+ 41.Nxb1 Rd1+ 42.Kh2 Rxb1 43.Ra4 Rxb7
44.Rxc4 Ra7 45.Rc1 a2 46.Ra1 Kf6 47.g4 hxg4 48.hxg4 Ke5 49.Kg3 Ra3+ 50.Kh4 Kf4
51.g5 Kf3 52.Kh3 Ra4 53.Rxa2 Rxa2  0-1

[Event "11th Paleochora Open 2018"]
[Site "Paleochora GRE"]
[Date "2018.07.25"]
[Round "9.5"]
[White "Kelires,Andreas"]
[Black "Tsolakidou,Stavroula"]
[Result "1/2-1/2"]
[WhiteElo "2530"]
[BlackElo "2423"]

1.d4 Nf6 2.c4 e6 3.Nf3 c5 4.d5 d6 5.Nc3 exd5 6.cxd5 g6 7.Nd2 Nbd7 8.e4 Bg7
9.Be2 O-O 10.O-O Re8 11.Qc2 Ne5 12.Re1 Nfg4 13.Nf1 Nh6 14.Bf4 f5 15.Ng3 fxe4
16.Ncxe4 Nf5 17.Bg5 Qc7 18.f4 Nd4 19.Qd2 Nd7 20.Bg4 b6 21.Bxd7 Bxd7 22.Nf6+ Bxf6
23.Bxf6 Nf5 24.Ne4 Bb5 25.Bc3 Kf8 26.g4 Nh6 27.h3 Re7 28.f5 Ng8 29.fxg6 hxg6
30.Ng5 Ke8 31.Qc2 Kd7 32.Qxg6 Rf8 33.Ne6 Rxe6 34.Qxe6+ Kd8 35.g5 Bd7 36.Qe3 Qc8
37.Qg3 Kc7 38.Rf1 Ne7 39.Rxf8 Qxf8 40.Rf1 Qg8 41.Bf6 Nxd5 42.g6 Bxh3 43.Rf2 Be6
44.Bh4 Qg7 45.Qg5 Kc6 46.Bg3 Qd4 47.Qd8 Qd1+ 48.Kh2 Qh5+ 49.Kg1 Qd1+ 50.Rf1 Qd4+
51.Rf2 Qd1+ 52.Rf1 Qd4+ 53.Rf2  1/2-1/2

[Event "CIV Invitational Rapid"]
[Site "Abidjan CIV"]
[Date "2018.07.27"]
[Round "7.5"]
[White "Solomon,K"]
[Black "Silva,David"]
[Result "1-0"]
[WhiteElo "2395"]
[BlackElo "2248"]

1.d4 Nf6 2.Nf3 e6 3.c4 c5 4.d5 exd5 5.cxd5 d6 6.Nc3 g6 7.Bf4 a6 8.a4 Bg7
9.e3 O-O 10.h3 Re8 11.Nd2 Qc7 12.Be2 Nbd7 13.O-O b6 14.Nc4 Bf8 15.Qc2 Rb8
16.Na3 Bg7 17.Bh2 Bb7 18.Rad1 Bf8 19.Kh1 Rbd8 20.e4 Qb8 21.f4 Bg7 22.Bf3 b5
23.axb5 axb5 24.Naxb5 Ba6 25.Qa4 Qb6 26.Ra1 Ra8 27.e5 Bb7 28.Qc4 dxe5 29.Rxa8 Bxa8
30.fxe5 Nxe5 31.Bxe5 Rxe5 32.d6 Bc6 33.Bxc6 Qxc6 34.b4 Rg5 35.Rf3 Bf8 36.Na4 Bxd6
37.bxc5 Bf8 38.Nbc3 h5 39.Qd4 Nd7 40.Ne4 Rd5 41.Qc4 Rd1+ 42.Kh2 Ne5 43.Qc2 Nxf3+
44.gxf3 Ra1 45.Nb6  1-0

[Event "Yaroslav the Wise Open"]
[Site "Yaroslavl RUS"]
[Date "2018.07.27"]
[Round "8.4"]
[White "Novikov,Sergey D"]
[Black "Akochenok,Daniil"]
[Result "1/2-1/2"]
[WhiteElo "2169"]
[BlackElo "2023"]

1.d4 Nf6 2.c4 e6 3.Nf3 c5 4.d5 exd5 5.cxd5 d6 6.Nc3 g6 7.e4 a6 8.a4 Bg4 9.Be2 Bxf3
10.Bxf3 Bg7 11.O-O O-O 12.Bf4 Ne8 13.Re1 Nd7 14.Bg4 Ne5 15.Be2 Nc7 16.Bg3 g5
17.a5 Rb8 18.Na4 Nb5 19.Nb6 Nd4 20.Bxe5 g4  1/2-1/2

[Event "78th ch-ITA Semi-Final"]
[Site "Alessandria ITA"]
[Date "2018.07.29"]
[Round "9.3"]
[White "Yao,Stefano"]
[Black "Brunello,S"]
[Result "0-1"]
[WhiteElo "2319"]
[BlackElo "2555"]

1.d4 Nf6 2.Nf3 e6 3.c4 c5 4.d5 exd5 5.cxd5 d6 6.Nc3 g6 7.Bf4 Bg7 8.h3 O-O
9.e3 Qe7 10.Be2 Nbd7 11.Nd2 Ne8 12.O-O g5 13.Bh2 f5 14.Re1 Ne5 15.f4 Ng6
16.Bd3 Bd7 17.Qc2 gxf4 18.exf4 Qf6 19.Nf3 Nc7 20.Ne5 Be8 21.Rad1 b5 22.g4 b4
23.gxf5 dxe5 24.fxe5 Qb6 25.Bc4 bxc3 26.d6+ Kh8 27.f6 Bh6 28.Qxc3 Nb5 29.Qf3 Bc6
30.Qh5 Bf4 31.Bxf4 Nxf4 32.Qf5 Rg8+ 33.Kf2 Nd4 34.Rxd4 Qxb2+  0-1

[Event "6th Famalicao Open 2018"]
[Site "Vila Nova de Famalicao POR"]
[Date "2018.07.30"]
[Round "3.19"]
[White "Fernandes,Miguel A. Murtinho"]
[Black "Monteiro,Paulo Alexandre G"]
[Result "1-0"]
[WhiteElo "2076"]
[BlackElo "1580"]

1.d4 Nf6 2.c4 c5 3.d5 e6 4.Nc3 exd5 5.cxd5 d6 6.Nf3 g6 7.Nd2 Nbd7 8.e4 a6
9.a4 Bg7 10.Be2 O-O 11.Nc4 Nb6 12.Ne3 Re8 13.Qc2 Qe7 14.f3 Nh5 15.Nf1 f5
16.a5 Nd7 17.Be3 f4 18.Bf2 Ne5 19.Nd2 Rb8 20.Na4 Qg5 21.Rg1 Bd7 22.Nb6 Bb5
23.Bc4 Qf6 24.Qb3 Re7 25.Ke2 g5 26.Bxb5 axb5 27.Qxb5 g4 28.Nbc4 g3 29.hxg3 fxg3
30.Be3 Nf4+ 31.Bxf4 Qxf4 32.Nxe5 Bxe5 33.Qb3 Bd4 34.Rh1 Rbe8 35.Rac1 Qf6
36.Rc2 Ra8 37.Nc4 Rae8 38.Kd1 Qf4 39.Qd3 b5 40.axb6 Ra8 41.Qd2 Rxe4 42.Qxf4 Rxf4
43.b7 Rb8 44.Nxd6 Be5 45.Ne4 Rxb7 46.Nxc5 Rxb2 47.Rxb2 Bxb2 48.Ne4 Ba3 49.Rh3 Rf5
50.Rxg3+ Kf7 51.Rg5 Rxg5 52.Nxg5+ Kg6 53.Ne4 Kf5 54.Ke2 Ke5 55.d6 Bxd6 56.Nxd6 Kxd6
57.f4 h5 58.Kf3  1-0

[Event "6th Famalicao Open 2018"]
[Site "Vila Nova de Famalicao POR"]
[Date "2018.08.01"]
[Round "5.14"]
[White "Pipiras,Filipa Fortuna"]
[Black "Fernandes,Joao Pedro Murtinho"]
[Result "0-1"]
[WhiteElo "1758"]
[BlackElo "2028"]

1.d4 Nf6 2.c4 c5 3.d5 e6 4.Nc3 exd5 5.cxd5 d6 6.Nf3 g6 7.Bf4 a6 8.a4 Bg7
9.h3 O-O 10.e3 Ne8 11.Bd3 Nd7 12.e4 Qe7 13.O-O Ne5 14.Nxe5 Bxe5 15.Be3 f5
16.exf5 Bxf5 17.Bxf5 Rxf5 18.Re1 Qg7 19.Qb3 Rb8 20.a5 Nc7 21.Rad1 Kh8 22.Re2 g5
23.Qc4 Rbf8 24.Rc2 h5 25.Ne2 Nb5 26.Ng3 Bxg3 27.fxg3 Qe5 28.Bf2 Qf6 29.Qe2 Qg6
30.Qe4 Re8 31.Qc4 Qf7 32.Rcd2 Rf8 33.Qe2 Kg7 34.Be3 Re8 35.Qd3 Rfe5 36.Rf2 Qg6
37.Qxg6+ Kxg6 38.Bd2 Re2 39.Rf3 Nd4 40.Rd3 R2e5 41.Bc3 Ne2+ 42.Kh2 Re3 43.Be1 Kf5
44.Bf2 Rxd3 45.Rxd3 Re4 46.Rb3 Rb4 47.Rf3+ Ke5 48.Re3+ Re4 49.Rb3 Kxd5 50.Rxb7 Rb4
51.Ra7 Rxb2 52.Rxa6 Nd4 53.Kg1 Rb1+ 54.Kh2 Ra1 55.Ra8 c4 56.a6 c3 57.a7 c2
58.Rc8 Rxa7 59.Bxd4 Kxd4 60.Rxc2 d5 61.Rd2+ Ke4 62.Kg1 d4 63.Kf2 d3 64.Rb2 Rf7+
65.Ke1 Ke3 66.g4 h4 67.Ra2 Rb7 68.Ra1 Rb2 69.Kf1 Rf2+ 70.Kg1 Rf7 71.Ra6 d2
72.Re6+ Kd3 73.Rd6+ Kc2 74.Rc6+ Kd1 75.Rd6 Rf4 76.Rd7 Kc2 77.Rc7+ Kd3 78.Rd7+ Rd4
79.Rxd4+ Kxd4 80.Kf2 d1=Q 81.g3 hxg3+ 82.Kxg3 Ke3 83.Kg2 Qf3+ 84.Kg1 Qf2+
85.Kh1 Kf3 86.h4 Qg2+  0-1

[Event "Eurasia Cup SKB Kontur"]
[Site "Yekaterinburg RUS"]
[Date "2018.08.01"]
[Round "1.32"]
[White "Nesterov,Arseniy"]
[Black "Bazyrtsyrenov,Kirill"]
[Result "1-0"]
[WhiteElo "2355"]
[BlackElo "1912"]

1.d4 Nf6 2.c4 c5 3.d5 e6 4.Nc3 exd5 5.cxd5 d6 6.Nf3 g6 7.Nd2 Bg7 8.Nc4 O-O
9.Bf4 Ne8 10.e3 a6 11.a4 f5 12.Bg3 Qc7 13.Be2 Nd7 14.Qb3 b6 15.O-O Rb8 16.Qc2 Ndf6
17.Rfe1 Bd7 18.Na3 Bc8 19.Bd3 Bb7 20.Rad1 Nh5 21.Bh4 Nef6 22.Qe2 Ra8 23.f4 Rfe8
24.Qf3 Ng4 25.Bc4 Bf6 26.Bxf6 Ngxf6 27.Bd3 Re7 28.h3 Rae8 29.g4 fxg4 30.hxg4 Nxg4
31.Qxg4 Rxe3 32.Nc2 Bc8 33.Qh4 Rxe1+ 34.Rxe1 Rxe1+ 35.Nxe1 c4 36.Be2 Qc5+
37.Kf1 Ng7 38.Qd8+ Kf7 39.Ne4 Bh3+ 40.Ng2 Qxd5 41.Ng5+  1-0

[Event "Copel Telecom SESC Open"]
[Site "Caioba BRA"]
[Date "2018.08.03"]
[Round "6.5"]
[White "Perdomo,L"]
[Black "Rodriques,E"]
[Result "1-0"]
[WhiteElo "2478"]
[BlackElo "2301"]

1.d4 Nf6 2.c4 c5 3.d5 e6 4.Nc3 exd5 5.cxd5 d6 6.Nf3 g6 7.Bf4 a6 8.a4 Bg7
9.h3 O-O 10.e3 Qe7 11.Be2 Nbd7 12.O-O Ne8 13.Qb3 Ne5 14.Nxe5 Bxe5 15.Qc4 f5
16.Rae1 Nc7 17.a5 Bd7 18.Qb3 Rab8 19.Bxe5 Qxe5 20.Bc4 Na8 21.f4 Qg7 22.Qc2 b5
23.axb6 Rxb6 24.b3 Nc7 25.e4 fxe4 26.Nxe4 Bb5 27.Kh1 Bxc4 28.bxc4 Ne8 29.Ng5 Rb2
30.Qe4 Nf6 31.Qe6+ Kh8 32.Qxd6 Nh5 33.Ne6  1-0

[Event "Grafica Yael ITT 2018"]
[Site "Torre Blanca ARG"]
[Date "2018.08.03"]
[Round "8"]
[White "Mendez,Er"]
[Black "Miranda,Rafael"]
[Result "0-1"]
[WhiteElo "2361"]
[BlackElo "2273"]

1.d4 Nf6 2.c4 c5 3.d5 e6 4.Nc3 exd5 5.cxd5 d6 6.Nf3 g6 7.g3 Bg7 8.Bg2 O-O
9.O-O a6 10.a4 Re8 11.Nd2 Nbd7 12.h3 Nh5 13.Nce4 Ndf6 14.Nxf6+ Nxf6 15.Nc4 Ne4
16.Qc2 f5 17.h4 Bd7 18.Bf4 Bxa4 19.Rxa4 b5 20.Ra2 bxc4 21.Qxc4 Qb6 22.h5 g5
23.Bc1 Qb5 24.Qc2 c4 25.Ra3 h6 26.g4 Qxd5 27.Rd1 Qf7 28.gxf5 d5 29.Ra5 Rad8
30.Rxa6 Qxf5 31.Be3 d4 32.Qxc4+ Kh7 33.Rxd4 Bxd4 34.Bxd4 Re7 35.Qc6 Nd6 36.e3 Qb5
37.Qc2+ Qf5 38.Qc6 Rf7 39.e4 Qf4 40.Qc2 Nf5 41.exf5 Qxd4 42.f6+ Kh8 43.Qg6 Qd7
44.Qxh6+ Rh7 45.Qg6 Qd1+ 46.Kh2 Rxh5+ 47.Kg3 Rd3+ 48.f3 Qe1+ 49.Kg4 Rd4+
50.Qe4 Rxe4+  0-1

[Event "Adolf Anderssen Mem 2018"]
[Site "Wroclaw POL"]
[Date "2018.08.04"]
[Round "1"]
[White "Butkiewicz,L"]
[Black "Wieczorek,Mikolaj"]
[Result "0-1"]
[WhiteElo "2444"]
[BlackElo "1757"]

1.d4 Nf6 2.c4 c5 3.d5 e6 4.Nc3 exd5 5.cxd5 d6 6.Nf3 g6 7.Bf4 Bg7 8.Qa4+ Bd7
9.Qb3 Qc7 10.Bxd6 Qxd6 11.Qxb7 O-O 12.Qxa8 Qb6 13.O-O-O Na6 14.Qxf8+ Kxf8
15.e3 Ne4 16.Bxa6 Nxc3 17.bxc3 Qxa6 18.Kd2 Qxa2+ 19.Ke1 Bxc3+ 20.Kf1 Bb5+
21.Kg1 Qc2  0-1

[Event "44th Badalona Open 2018"]
[Site "Badalona ESP"]
[Date "2018.08.05"]
[Round "5.3"]
[White "Oliva,K"]
[Black "Escalante Ramirez,Brian Sebasti"]
[Result "1/2-1/2"]
[WhiteElo "2479"]
[BlackElo "2438"]

1.d4 Nf6 2.Nf3 c5 3.d5 e6 4.c4 exd5 5.cxd5 d6 6.Nc3 g6 7.g3 Bg7 8.Bg2 O-O
9.O-O Re8 10.Bf4 Na6 11.Re1 Bg4 12.h3 Bxf3 13.Bxf3 Nd7 14.Bg2  1/2-1/2

[Event "11th Arad Open 2018"]
[Site "Arad ROU"]
[Date "2018.08.06"]
[Round "2.21"]
[White "Talu,Mircea"]
[Black "Petrisor,A"]
[Result "1/2-1/2"]
[WhiteElo "2092"]
[BlackElo "2416"]

1.d4 Nf6 2.c4 e6 3.Nf3 c5 4.d5 exd5 5.cxd5 d6 6.Nc3 g6 7.g3 Bg7 8.Bg2 O-O
9.O-O Re8 10.Bf4 Nh5 11.Be3 Nd7 12.Qc1 b6 13.Re1 Ba6 14.a4 Ne5 15.Nxe5 Bxe5
16.Bg5 Qd7 17.e4 Bd3 18.Qd2 c4 19.f3 a6 20.Bf1 Bxf1 21.Kxf1 b5 22.axb5 axb5
23.Be3 b4 24.Ne2 c3 25.bxc3 bxc3 26.Nxc3 Qh3+ 27.Kg1 Nxg3 28.hxg3 Qxg3+ 29.Kf1 Qxf3+
30.Kg1 Qg4+ 31.Kf1 Qh3+ 32.Kg1 Rac8 33.Rac1 Bxc3 34.Rxc3 Rxc3 35.Qxc3 Rxe4
36.Kf2 Rf4+ 37.Ke2 Qf3+ 38.Kd2 Qxd5+ 39.Qd3 Qa2+ 40.Qc2 Qxc2+ 41.Kxc2 Re4
42.Kd3 Re6 43.Ra1 h5 44.Bd4 f5 45.Kc4 g5 46.Kd5 Rg6 47.Ra8+ Kf7 48.Ra7+ Ke8
49.Ra8+ Kd7 50.Ra7+ Kd8 51.Rf7 h4 52.Rxf5 h3 53.Bg1 g4 54.Ke4 Kd7 55.Rh5 Re6+
56.Kf4 Re2 57.Rh4 Kc6 58.Rxg4 h2 59.Bxh2 Rxh2 60.Ke3 Kc5 61.Kd3 d5 62.Rg3 Ra2
63.Rg8 Ra3+ 64.Kd2 Kc4 65.Rc8+ Kd4 66.Rh8 Rg3 67.Rh4+ Kc5 68.Kc2 d4 69.Rh8 Rc3+
70.Kd2 Kc4 71.Rc8+ Kb3 72.Rb8+ Kc4  1/2-1/2

[Event "27th Kavala Open 2018"]
[Site "Kavala GRE"]
[Date "2018.08.06"]
[Round "2.4"]
[White "Avramidou,Anastasia"]
[Black "Kelires,Andreas"]
[Result "0-1"]
[WhiteElo "2271"]
[BlackElo "2531"]

1.d4 Nf6 2.c4 e6 3.Nf3 c5 4.d5 d6 5.Nc3 exd5 6.cxd5 g6 7.Bf4 Bg7 8.Qa4+ Bd7
9.Qb3 Qc7 10.h3 O-O 11.e3 Na6 12.Nd2 Rfd8 13.Be2 b5 14.Bxb5 Rab8 15.a4 Nb4
16.O-O Nd3 17.Qc4 Nxb2 18.Qa2 Bxb5 19.Nxb5 Qe7 20.Rab1 Nd3 21.Bxd6 Rxd6 22.Nxd6 Nb4
23.Rxb4 Rxb4 24.Nb5 a6 25.Nc3 Nd7 26.Qc2 h5 27.Rb1 Qe5 28.Rxb4 cxb4 29.Na2 a5
30.Qc8+ Nf8 31.Qc4 Qb2 32.Nf1 Qa3 33.Nc1 Qxa4 34.Nb3 Qa2 35.Nfd2 a4 36.Qxb4 axb3
37.Nxb3 Qb1+ 38.Kh2 Qf5 39.Qd2 g5 40.Nc5 Be5+ 41.g3 h4 42.Nd3 Bc7 43.e4 Qxe4
44.Qxg5+ Ng6 45.Qg4 hxg3+ 46.fxg3 Qxd3 47.Qc8+ Kg7 48.Qxc7 Qe2+ 49.Kh1 Qe1+
50.Kh2 Qe2+ 51.Kh1 Ne5 52.Qc3 f6 53.g4 Qf1+ 54.Kh2 Qf2+  0-1

[Event "Eurasia Cup SKB Kontur"]
[Site "Yekaterinburg RUS"]
[Date "2018.08.06"]
[Round "5.46"]
[White "Vysotsky,Ivan"]
[Black "Ayushiev,Ayur"]
[Result "1/2-1/2"]
[WhiteElo "2016"]
[BlackElo "1785"]

1.d4 Nf6 2.Nf3 c5 3.d5 e6 4.c4 exd5 5.cxd5 d6 6.Nc3 g6 7.e4 Bg7 8.Bb5+ Bd7
9.a4 a6 10.Bc4 Bg4 11.O-O Nbd7 12.Bf4 Qc7 13.Re1 Bxf3 14.Qxf3 Ne5 15.Qe2 Nxc4
16.Qxc4 Nd7 17.e5 Nxe5 18.Bxe5 dxe5 19.Rad1 O-O 20.d6 Qd7 21.Qxc5 Rac8 22.Qb4 Rcd8
23.Rd2 Rfe8 24.Red1 Re6 25.Ne4 Qc6 26.b3 Bf8 27.Qc4 Qxc4 28.bxc4 f5 29.Nc5 Rexd6
30.Rxd6 Rxd6 31.Rxd6 Bxd6 32.Nxb7 Bc7 33.Nc5 Kf7 34.Nxa6 Bd6 35.c5 Bf8 36.c6 Ke6
37.Kf1 Kd6 38.c7 Kd7 39.Ke2 g5 40.f3 h5 41.h3 g4 42.Kd3 g3 43.Ke2 h4 44.Kd3 Be7  1/2-1/2

[Event "Eurasia Cup SKB Kontur"]
[Site "Yekaterinburg RUS"]
[Date "2018.08.06"]
[Round "5.53"]
[White "Ketov,Daniil"]
[Black "Dashdorzh,Ariunaa"]
[Result "1-0"]
[WhiteElo "1889"]
[BlackElo "1497"]

1.d4 Nf6 2.c4 c5 3.d5 e6 4.Nc3 exd5 5.cxd5 d6 6.Nf3 g6 7.Bf4 Bg7 8.Qa4+ Bd7
9.Qb3 Bc8 10.e4 O-O 11.Nd2 Re8 12.Be2 a6 13.a4 Qc7 14.O-O Nbd7 15.h3 Bf8
16.Rac1 Ne5 17.Bh2 Ned7 18.f4 Qd8 19.Bd3 Bh6 20.Nc4 Nf8 21.Qb6 Qxb6 22.Nxb6 Rb8
23.f5 Rd8 24.fxg6 Nxg6 25.Rxf6 Bf8 26.Rcf1 Nh8 27.e5 Be7 28.Rxd6 Bxd6 29.exd6 Bd7
30.Nxd7 Rxd7 31.Bf5 Rdd8 32.d7 Ra8 33.Re1 Ng6 34.Bc7 Rf8 35.Ne4 c4 36.Nf6+ Kg7
37.Ne8+ Kg8 38.d8=Q  1-0

[Event "27th Kavala Open 2018"]
[Site "Kavala GRE"]
[Date "2018.08.09"]
[Round "7.13"]
[White "Tsakiris,H"]
[Black "Tsolakidou,Stavroula"]
[Result "1-0"]
[WhiteElo "2228"]
[BlackElo "2418"]

1.d4 Nf6 2.c4 e6 3.Nf3 c5 4.d5 d6 5.Nc3 exd5 6.cxd5 g6 7.Bf4 a6 8.Nd2 b5
9.a4 Nh5 10.Be3 b4 11.Nce4 f5 12.g4 Nf6 13.gxf5 Nxe4 14.Nxe4 Bxf5 15.Ng5 Qf6
16.Bg2 Bh6 17.Qd2 Bg7 18.Ne6 Qxb2 19.Nxg7+ Qxg7 20.Rc1 Nd7 21.Bh6 Qe7 22.e4 Bg4
23.h3 Bh5 24.O-O Ne5 25.f4 Nf7 26.Bg7 Rg8 27.Ba1 g5 28.e5 gxf4 29.Rxf4 dxe5
30.d6 Qb7 31.Rg4 Bxg4 32.Bxb7 Bf3+ 33.Kf1 Bxb7 34.Rxc5 Rd8 35.Bxe5 Rg6 36.Qxb4 Bg2+
37.Kf2 Nxd6 38.Bxd6 Rdxd6 39.Qb8+ Kf7 40.Qb3+ Ke8 41.Qb8+ Kf7 42.Rf5+ Ke6
43.Qc8+ Ke7 44.Re5+ Kf7 45.Qe8+ Kg7 46.Re7+  1-0

[Event "TCh-MNE Premier 2018"]
[Site "Niksic MNE"]
[Date "2018.08.09"]
[Round "3.3"]
[White "Blagojevic,Dr"]
[Black "Potpara,N"]
[Result "1/2-1/2"]
[WhiteElo "2465"]
[BlackElo "2380"]

1.d4 Nf6 2.c4 e6 3.Nf3 c5 4.d5 exd5 5.cxd5 d6 6.Nc3 g6 7.Qa4+ Nbd7 8.Bf4 a6
9.e4 Nh5 10.Bg5 Be7 11.Be3 O-O 12.Be2 Rb8 13.O-O Ng7 14.Qc2 b5 15.Qd2 Bb7
16.Bf4 Nh5 17.Bh6 Re8 18.Ng5 Ng7 19.Qf4 Bf6 20.Rae1 Bc8 21.Qd2 c4 22.f4 Nc5
23.Bf3 Nd3 24.Re2 Bd4+ 25.Kh1 f6 26.Bxg7 Kxg7 27.Ne6+ Bxe6 28.dxe6 Rxe6 29.Nd5 Bxb2
30.Qe3 Ba3 31.Qa7+ Kh8 32.Qxa6 Bc5 33.a4 f5 34.e5 Qh4 35.g3 Qh3 36.Bg2 Qh5
37.Bf3 Qh3 38.Bg2 Qh5 39.Bf3 Qh3  1/2-1/2

[Event "25th Abu Dhabi Masters"]
[Site "Abu Dhabi UAE"]
[Date "2018.08.11"]
[Round "5.67"]
[White "Parnali,S"]
[Black "Hakobyan,Eduard"]
[Result "1/2-1/2"]
[WhiteElo "2218"]
[BlackElo "2134"]

1.d4 Nf6 2.Nf3 e6 3.c4 c5 4.d5 d6 5.Nc3 exd5 6.cxd5 g6 7.e4 a6 8.a4 Bg4 9.Be2 Bxf3
10.Bxf3 Bg7 11.O-O O-O 12.Bf4 Qe7 13.Qb3 Nbd7 14.Qxb7 Rfb8 15.Qc6 Ne8 16.a5 Ra7
17.Ra2 Rb4 18.Qc8 Rb8 19.Qc6 Ne5 20.Bxe5 Bxe5 21.Nd1 Nc7 22.Qa4 Nb5 23.Ne3 Nd4
24.Qd1 Rb4 25.Bg4 Rab7 26.Bc8 Rxb2 27.Rxb2 Rxb2 28.Bxa6 Ra2 29.Bd3 Rxa5 30.f4 Ra1
31.Qxa1 Ne2+ 32.Bxe2 Bxa1 33.Rxa1 Qxe4 34.Kf2 Qxf4+ 35.Bf3 Qxh2 36.Ra4 Qe5
37.Re4 Qf6 38.Nc4 h5 39.Kg3 Kg7 40.Ne3 Kh6 41.Kf2 Qb2+ 42.Be2 g5 43.g4 hxg4
44.Rxg4 Qb7 45.Rg1  1/2-1/2

[Event "16th Spilimbergo Open"]
[Site "Spilimbergo ITA"]
[Date "2018.08.11"]
[Round "3.7"]
[White "Solomon,K"]
[Black "Brunello,S"]
[Result "1/2-1/2"]
[WhiteElo "2395"]
[BlackElo "2555"]

1.d4 Nf6 2.Nf3 e6 3.c4 c5 4.d5 exd5 5.cxd5 d6 6.Nc3 g6 7.Bf4 Bg7 8.e3 O-O
9.h3 Qe7 10.Be2 Nbd7 11.O-O Ne8 12.Qc2 Ne5 13.Nd2 f5 14.Bg3 g5 15.f4 Ng6
16.Nc4 Bd7 17.a4 gxf4 18.exf4 Nc7 19.Rfe1 Qf6 20.Kh2 Rfe8 21.Bh5 Rxe1 22.Rxe1 Re8
23.Rd1 b5 24.axb5 Nxb5 25.Nxb5 Bxb5 26.b3 Bxc4 27.bxc4 Re3 28.Rd3 Rxg3 29.Rxg3 Nxf4
30.Qa4 Qe5  1/2-1/2

[Event "La Palma Island Open 2018"]
[Site "Santa Cruz de La Palma ESP"]
[Date "2018.08.12"]
[Round "3.6"]
[White "Turova,I"]
[Black "Hernandez Leon,A"]
[Result "1/2-1/2"]
[WhiteElo "2422"]
[BlackElo "2211"]

1.d4 Nf6 2.c4 c5 3.d5 e6 4.Nc3 exd5 5.cxd5 d6 6.Nf3 g6 7.Bf4 a6 8.a4 Bg7
9.h3 O-O 10.e3 Qe7 11.Be2 Nbd7 12.O-O Ne8 13.Nd2 Ne5 14.a5 Rb8 15.Na4 Bd7
16.Nb6 Bb5 17.Ne4 h6 18.Nc3 Bxe2 19.Qxe2 g5 20.Bh2 f5 21.Ra4 Rd8 22.Qc2 Nc7
23.Rd1 Nb5 24.Ne2 Nd7 25.Nc4 Ne5 26.b3 Rf7 27.Rf1 Rdf8 28.Qd2  1/2-1/2

[Event "TCh-ESP 2nd Div 2018"]
[Site "Linares ESP"]
[Date "2018.08.15"]
[Round "2.5"]
[White "Fidalgo Fernandez,L"]
[Black "Guillo Longares,Cecilia"]
[Result "0-1"]
[WhiteElo "2085"]
[BlackElo "2030"]

1.d4 Nf6 2.c4 c5 3.d5 e6 4.Nc3 exd5 5.cxd5 d6 6.Nf3 g6 7.e4 Bg7 8.Be2 O-O
9.O-O Bg4 10.Nd2 Bxe2 11.Qxe2 Nbd7 12.a4 Re8 13.f3 a6 14.a5 b5 15.axb6 Nxb6
16.Qd3 Nh5 17.g3 Qd7 18.Kg2 Nf6 19.Nc4 Nxc4 20.Qxc4 Qb7 21.Rf2 Nd7 22.Ra3 Bd4
23.Re2 Ne5 24.Qa4 Nd3 25.Bg5 Reb8 26.Qd1 Nxb2 27.Qc2 Nc4 28.Ra4 Ne5 29.f4 Ng4
30.Rxd4 cxd4 31.Nd1 Qb3 32.Qd2 d3 33.Re1 Rc8 34.Kh3 Rc2 35.Qa5 h5 36.Rh1 Re2
37.Nc3 Rf2 38.Kh4 Nxh2 39.Bf6 Nf3+ 40.Kh3 Qc2  0-1